MARC

LEADER 00000nam0a2200000 4500
001 294099
005 20231102000647.0
035 |a (RuTPU)RU\TPU\book\319149 
090 |a 294099 
100 |a 20150508d1979 m y0rusy50 ca 
101 0 |a rus 
102 |a RU 
105 |a a j 001zy 
200 1 |a Основы проектирования зданий для сейсмических районов  |e учебное пособие  |f О. В. Дмитриев  |g Ростовский инженерно-строительный институт 
210 |a Ростов-на-Дону  |c Изд-во РостовИСИ  |d 1979 
215 |a 101 с.  |c ил. 
320 |a Библиогр.: с. 98 
606 1 |a Фундаменты рассчитанные на периодически пульсирующую нагрузку  |2 stltpush  |3 (RuTPU)RU\TPU\subj\17018  |9 42874 
610 1 |a колебания 
610 1 |a теория колебаний 
610 1 |a собственные колебания 
610 1 |a системы с несколькими степенями свободы 
610 1 |a сейсмические воздействия 
610 1 |a расчет 
610 1 |a учебные пособия 
675 |a 624.159(075.8)  |v 4 
700 1 |a Дмитриев  |b О. В.  |g Олег Владимирович 
712 0 2 |a Ростовский инженерно-строительный институт  |2 stltpush  |3 (RuTPU)RU\TPU\col\10045  |9 24785 
801 1 |a RU  |b 63413507  |c 20150508 
801 2 |a RU  |b 63413507  |c 20170628  |g RCR 
942 |c BK